[Event "Lutsk Nebesna Sotnya Memorial blitz"]
[Site "Lutsk"]
[Date "2015.02.20"]
[Round "1"]
[White "Razin, Vadim"]
[Black "Korets, Sergey"]
[Result "1-0"]
[WhiteElo "2341"]
[BlackElo "1992"]
[PlyCount "27"]
[EventDate "2015.02.20"]
[EventType "swiss (blitz)"]
[EventRounds "22"]
[EventCountry "UKR"]
[SourceTitle "CBM 165 Extra"]
[Source "ChessBase"]
[SourceDate "2015.04.21"]
[SourceVersion "1"]
[SourceVersionDate "2015.04.21"]
[SourceQuality "1"]

1. d4 Nf6 2. Nf3 g6 3. Bg5 Bg7 4. Nbd2 d6 5. e4 Nbd7 6. c3 c5 7. Bc4 Qc7 8. Rc1 h6 9. Bh4 b6 10. 0-0 Bb7 11. Re1 Nxe4 12. Nxe4 d5 13. Bg3 Qc6 14. Bb5 1-0